<?xml version="1.0" encoding="UTF-8"?>
<record
    xmlns:xsi="http://www.w3.org/2001/XMLSchema-instance"
    xsi:schemaLocation="http://www.loc.gov/MARC21/slim http://www.loc.gov/standards/marcxml/schema/MARC21slim.xsd"
    xmlns="http://www.loc.gov/MARC21/slim">

  <leader>00430nam a2200157Ia 4500</leader>
  <controlfield tag="005">20260430133757.0</controlfield>
  <controlfield tag="008">260429s9999||||xx |||||||||||||| ||und||</controlfield>
  <datafield tag="020" ind1=" " ind2=" ">
    <subfield code="a">8175810017</subfield>
  </datafield>
  <datafield tag="082" ind1=" " ind2=" ">
    <subfield code="a">821.5</subfield>
    <subfield code="b">LAL</subfield>
  </datafield>
  <datafield tag="100" ind1=" " ind2=" ">
    <subfield code="a">Lall, Ramji</subfield>
  </datafield>
  <datafield tag="245" ind1=" " ind2="0">
    <subfield code="a">Alexander pope : </subfield>
    <subfield code="b">the rape of the lock / </subfield>
    <subfield code="c">Ramji Lall</subfield>
  </datafield>
  <datafield tag="250" ind1=" " ind2=" ">
    <subfield code="a">32nd ed.</subfield>
  </datafield>
  <datafield tag="260" ind1=" " ind2=" ">
    <subfield code="a">New Delhi : </subfield>
    <subfield code="b">Rama Brothers India Pvt. Ltd.,</subfield>
    <subfield code="c">2006.</subfield>
  </datafield>
  <datafield tag="300" ind1=" " ind2=" ">
    <subfield code="a">234 p.; pbk</subfield>
  </datafield>
  <datafield tag="942" ind1=" " ind2=" ">
    <subfield code="c">TB</subfield>
  </datafield>
  <datafield tag="999" ind1=" " ind2=" ">
    <subfield code="c">53952</subfield>
    <subfield code="d">53952</subfield>
  </datafield>
  <datafield tag="952" ind1=" " ind2=" ">
    <subfield code="0">0</subfield>
    <subfield code="1">0</subfield>
    <subfield code="4">0</subfield>
    <subfield code="7">0</subfield>
    <subfield code="a">CUTN</subfield>
    <subfield code="b">CUTN</subfield>
    <subfield code="c">800</subfield>
    <subfield code="d">2026-04-30</subfield>
    <subfield code="e">Gratis</subfield>
    <subfield code="l">0</subfield>
    <subfield code="o">821.5 LAL</subfield>
    <subfield code="p">55941</subfield>
    <subfield code="r">2026-04-30 13:37:57</subfield>
    <subfield code="w">2026-04-30</subfield>
    <subfield code="y">TB</subfield>
  </datafield>
</record>
